[Event "CSS Freestyle 8th"]
[Site "playchess.com"]
[Date "2008.04.13"]
[Round "9"]
[White "Brener"]
[Black "Badbishop1"]
[Result "1-0"]
[WhiteElo "2375"]
[BlackElo "2358"]
[PlyCount "95"]
[EventDate "2008.04.11"]

1. e4 {11} e5 {4} 2. Nf3 {Brener bietet Remis 1} Nc6 {15} 3. Bb5 {9} a6 {25} 4.
Ba4 {2} Nf6 {18} 5. O-O {21} Be7 {30} 6. Re1 {16} b5 {18} 7. Bb3 {2} O-O {25}
8. c3 {16} d6 {98} 9. h3 {3} Na5 {47} 10. Bc2 {3} c5 {18} 11. d4 {1} Qc7 {82}
12. Nbd2 {5} cxd4 {37} 13. cxd4 {59} Bb7 {70} 14. d5 {22} Rac8 {41} 15. Bd3 {87
} Nd7 {30} 16. Nf1 {16} f5 {27} 17. Ng3 {10} f4 {65} 18. Nf5 {2} Bd8 {229} 19.
b3 {3} g6 {24} 20. Nh6+ {2} Kg7 {22} 21. Ng4 {2} Qb6 {30} 22. Bd2 {47} h5 {80}
23. Ngh2 {2} Nc5 {45} 24. Bc2 {23} Nd7 {61} 25. Rc1 {29} Ba8 {13} 26. Qe2 {35}
b4 {84} 27. a3 {11} bxa3 {7} 28. b4 {2} Nb7 {176} 29. Ba4 {15} Rxc1 {9} 30.
Rxc1 {5} Nb8 {63} 31. Ra1 {18} a5 {32} 32. Bb5 {9} axb4 {18} 33. Bxb4 {0} Nc5 {
20} 34. Rxa3 {7} Bb7 {9} 35. Ra2 {2} Nba6 {43} 36. Ba5 {2} Qa7 {15} 37. Bc3 {25
} Qb6 {20} 38. Ba5 {6} Qa7 {3} 39. Bc3 {1} Qb6 {3} 40. Nd2 {3} Nc7 {32} 41. Bc4
{1} Bc8 {11} 42. Nhf3 {12} Bd7 {34} 43. Nxe5 {125} dxe5 {3} 44. Bxe5+ {0} Bf6 {
12} 45. Bxf4 {2} Nb5 {42} 46. Bxb5 {9} Qxb5 {2} 47. Qxb5 {8} Bxb5 {8} 48. Bd6 {
Badbishop1 resigns (Lag: Av=0.65s, max=1.7s) 1} 1-0

[Event "CSS Freestyle 8th"]
[Site "playchess.com"]
[Date "2008.04.13"]
[Round "9"]
[White "Voyage"]
[Black "Brf"]
[Result "1/2-1/2"]
[WhiteElo "2362"]
[BlackElo "2397"]
[PlyCount "22"]
[EventDate "2008.04.11"]

1. Nf3 {8} Nf6 {14} 2. b3 {15} d5 {54} 3. Bb2 {10} Bg4 {16} 4. e3 {74} Nbd7 {61
} 5. Be2 {79} e6 {32} 6. c4 {32} c6 {99} 7. Nc3 {102} Bb4 {210} 8. O-O {261}
O-O {153} 9. Qc2 {141} Rc8 {122} 10. a3 {271} Be7 {139} 11. d3 {137} h6 {
Brf bietet Remis (Lag: Av=0.33s, max=1.1s) 283} 1/2-1/2

[Event "CSS Freestyle 8th"]
[Site "playchess.com"]
[Date "2008.04.13"]
[Round "9"]
[White "Pandini"]
[Black "Nasi"]
[Result "1/2-1/2"]
[WhiteElo "2357"]
[BlackElo "2413"]
[PlyCount "49"]
[EventDate "2008.04.11"]

1. e4 {10} c5 {203} 2. Nf3 {17} d6 {23} 3. d4 {19} cxd4 {53} 4. Nxd4 {16} Nf6 {
20} 5. Nc3 {4} a6 {64} 6. Be3 {12} e5 {59} 7. Nb3 {6} Be6 {38} 8. f3 {95} Be7 {
58} 9. Qd2 {26} O-O {33} 10. O-O-O {24} Nbd7 {45} 11. g4 {47} b5 {40} 12. Kb1 {
66} b4 {91} 13. Na4 {52} Rb8 {183} 14. g5 {38} Nh5 {39} 15. c3 {100} a5 {61}
16. cxb4 {27} Rxb4 {37} 17. Nc3 {69} Nb6 {167} 18. Bb5 {400} Bxb3 {46} 19. axb3
{26} Rxb3 {9} 20. Qf2 {49} Nd7 {48} 21. Qc2 {16} Rb4 {30} 22. Qe2 {29} Nb6 {132
} 23. Na2 {16} Rb3 {39} 24. Nc1 {5} Rb4 {55} 25. Na2 {
Pandini bietet Remis (Lag: Av=0.46s, max=2.0s) 114} 1/2-1/2

[Event "CSS Freestyle 8th"]
[Site "playchess.com"]
[Date "2008.04.13"]
[Round "9"]
[White "Andexser"]
[Black "RAGEINTHEBOX"]
[Result "0-1"]
[WhiteElo "1411"]
[BlackElo "1605"]
[PlyCount "44"]
[EventDate "2008.04.11"]

1. e4 {11} c6 {3205} 2. d4 {344} d5 {8} 3. exd5 {5} cxd5 {2} 4. Bd3 {3} Nc6 {8}
5. c3 {3} Nf6 {7} 6. Bf4 {4} Bg4 {71} 7. Qb3 {4} Qd7 {13} 8. Nd2 {. 478} Nh5 {
10} 9. Be3 {127} g6 {64} 10. h3 {74} Bf5 {27} 11. Bb5 {73} Nf6 {25} 12. Ngf3 {
15} Bg7 {13} 13. Ne5 {52} Qc8 {26} 14. Qa4 {6} O-O {27} 15. Nxc6 {7} bxc6 {10}
16. Bxc6 {1} Rb8 {1} 17. b4 {69} a6 {49} 18. Rc1 {7} Rb6 {15} 19. b5 {4} Bd3 {
26} 20. c4 {7} axb5 {25} 21. cxb5 {26} Bxb5 {24} 22. Qb3 {2} Rxc6 {
Andexser gibt auf (Lag: Av=0.42s, max=1.5s) 16} 0-1

[Event "CSS Freestyle 8th"]
[Site "playchess.com"]
[Date "2008.04.13"]
[Round "9"]
[White "Rajlich"]
[Black "Sciolto"]
[Result "1/2-1/2"]
[WhiteElo "2578"]
[BlackElo "2513"]
[PlyCount "68"]
[EventDate "2008.04.11"]

1. e4 {26} c5 {5} 2. Nc3 {9} Nc6 {50} 3. Nge2 {4} Nf6 {141} 4. d4 {6} cxd4 {10}
5. Nxd4 {8} e5 {16} 6. Ndb5 {8} d6 {9} 7. Bg5 {11} a6 {4} 8. Na3 {6} b5 {26} 9.
Nd5 {11} Be7 {6} 10. Bxf6 {10} Bxf6 {5} 11. c3 {7} Bg5 {9} 12. Nc2 {16} Rb8 {14
} 13. a4 {29} bxa4 {11} 14. Ncb4 {12} Bd7 {56} 15. Bxa6 {111} Nxb4 {9} 16. cxb4
{49} O-O {8} 17. O-O {35} Bc6 {202} 18. Rxa4 {31} Bxa4 {7} 19. Qxa4 {6} Kh8 {31
} 20. b5 {162} Qd7 {96} 21. Qc2 {972} f5 {120} 22. Qc6 {888} Qa7 {947} 23. exf5
{15} e4 {6} 24. Kh1 {325} Qd4 {13} 25. b6 {11} Rxf5 {51} 26. Bc8 {53} Qxd5 {8}
27. Qe8+ {43} Qg8 {9} 28. Qxg8+ {10} Kxg8 {4} 29. Bxf5 {13} Rxb6 {12} 30. Be6+
{87} Kf8 {35} 31. b3 {8} Rb5 {32} 32. Rd1 {33} Re5 {67} 33. Bc4 {14} Ke7 {58}
34. g3 {36} Kd7 {Rajlich offers a draw (Lag: Av=0.46s, max=1.7s) 15} 1/2-1/2

[Event "CSS Freestyle 8th"]
[Site "playchess.com"]
[Date "2008.04.13"]
[Round "9"]
[White "Frau Holle"]
[Black "PM1"]
[Result "1/2-1/2"]
[WhiteElo "1631"]
[BlackElo "1700"]
[PlyCount "115"]
[EventDate "2008.04.11"]

1. e4 {9} e5 {48} 2. Nf3 {19} Nc6 {4} 3. Bb5 {6} a6 {12} 4. Ba4 {7} Nf6 {5} 5.
O-O {7} Be7 {11} 6. Re1 {8} b5 {2} 7. Bb3 {7} d6 {3} 8. c3 {7} O-O {2} 9. h3 {
13} Bb7 {7} 10. d4 {8} Re8 {5} 11. Nbd2 {14} Bf8 {3} 12. a4 {17} h6 {6} 13. Bc2
{18} exd4 {2} 14. cxd4 {26} Nb4 {2} 15. Bb1 {12} c5 {2} 16. d5 {7} Nd7 {6} 17.
Ra3 {12} c4 {7} 18. axb5 {11} axb5 {2} 19. Nd4 {15} Qb6 {3} 20. Nf5 {26} Ne5 {
14} 21. Rg3 {101} g6 {2} 22. Nf3 {20} Ned3 {5} 23. Be3 {73} Qd8 {43} 24. Bxh6 {
19} Qf6 {8} 25. Re2 {96} Ra1 {60} 26. Bg5 {128} Qh8 {4} 27. Rg4 {181} Rxb1 {254
} 28. Qxb1 {30} gxf5 {2} 29. Rg3 {275} Kh7 {202} 30. Bd2 {340} f4 {9} 31. Rg4 {
144} Bh6 {9} 32. Bxb4 {111} Nxb4 {5} 33. Rd2 {117} Re5 {67} 34. Rh4 {169} Qf6 {
7} 35. Nxe5 {53} Qxh4 {5} 36. Nxf7 {96} f3 {11} 37. Rd4 {71} Nd3 {79} 38. Rxd3
{38} cxd3 {2} 39. Qxd3 {21} Qf4 {8} 40. Nxh6 {22} Qc1+ {501} 41. Qf1 {15} Qxf1+
{12} 42. Kxf1 {8} Kxh6 {15} 43. gxf3 {38} Kg5 {10} 44. Ke2 {35} Bc8 {21} 45.
h4+ {72} Kxh4 {9} 46. f4 {44} Kh5 {46} 47. Kd3 {47} Bd7 {1081} 48. f3 {91} Bh3
{5} 49. e5 {85} Kg6 {11} 50. exd6 {22} Kf7 {15} 51. Kd4 {37} Ke8 {45} 52. Kc5 {
16} Kd7 {13} 53. b4 {23} Bg2 {32} 54. f5 {24} Bxf3 {9} 55. f6 {27} Bh5 {9} 56.
Kxb5 {8} Kxd6 {7} 57. Ka6 {9} Kxd5 {56} 58. Kb7 {
Frau Holle bietet Remis (Lag: Av=0.64s, max=2.7s) 6} 1/2-1/2

[Event "CSS Freestyle 8th"]
[Site "playchess.com"]
[Date "2008.04.13"]
[Round "9"]
[White "Intuitivestra"]
[Black "Villasevajos"]
[Result "1/2-1/2"]
[WhiteElo "2312"]
[BlackElo "2349"]
[PlyCount "78"]
[EventDate "2008.04.11"]

1. d4 {6} d5 {3} 2. c4 {58} c6 {3} 3. Nf3 {170} Nf6 {18} 4. Nc3 {45} dxc4 {5}
5. a4 {24} Bf5 {13} 6. e3 {10} e6 {3} 7. Bxc4 {6} Bb4 {3} 8. O-O {11} Nbd7 {6}
9. Nh4 {200} Bg4 {139} 10. Qb3 {9} a5 {8} 11. f3 {156} Bh5 {9} 12. g4 {10} Bg6
{288} 13. g5 {34} Nd5 {4} 14. e4 {83} N5b6 {14} 15. Nxg6 {17} hxg6 {12} 16. Be2
{43} Qe7 {124} 17. f4 {33} O-O-O {271} 18. Na2 {92} Bd6 {52} 19. e5 {3} Bc7 {65
} 20. Nc3 {22} Nd5 {138} 21. Nxd5 {54} exd5 {0} 22. Qd3 {157} Rh4 {184} 23. Rf2
{149} Rdh8 {4} 24. Be3 {10} Nf8 {208} 25. Ra3 {106} Qd7 {607} 26. Rb3 {248} Qf5
{360} 27. Qd1 {75} Ne6 {5} 28. Bd3 {93} Qh3 {6} 29. Be2 {67} Qf5 {6} 30. Bd3 {
59} Qg4+ {3} 31. Qxg4 {23} Rxg4+ {0} 32. Rg2 {2} Rgh4 {52} 33. Be2 {18} Kb8 {
285} 34. Bg4 {5} Ka7 {5} 35. h3 {39} Bb6 {5} 36. Rd2 {33} Rxh3 {4} 37. Bxh3 {3}
Rxh3 {0} 38. Kf2 {16} c5 {1} 39. dxc5 {21} Nxc5 {
Villasevajos offre la patta (Lag: Av=0.43s, max=1.3s) 29} 1/2-1/2

[Event "CSS Freestyle 8th"]
[Site "playchess.com"]
[Date "2008.04.13"]
[Round "9"]
[White "Knilch"]
[Black "EnjoyTheSilence"]
[Result "1/2-1/2"]
[WhiteElo "2469"]
[BlackElo "2439"]
[PlyCount "76"]
[EventDate "2008.04.11"]

1. d4 {7} Nf6 {1} 2. Nf3 {16} g6 {2} 3. c4 {20} Bg7 {5} 4. Nc3 {23} O-O {3} 5.
e4 {98} d6 {1} 6. Be2 {21} e5 {3} 7. O-O {176} Nc6 {4} 8. d5 {43} Ne7 {2} 9. b4
{16} Nh5 {3} 10. Re1 {46} f5 {2} 11. Ng5 {12} Nf6 {2} 12. f3 {139} Kh8 {13} 13.
Ne6 {147} Bxe6 {9} 14. dxe6 {29} Nh5 {3} 15. g3 {455} Bf6 {4} 16. Bh6 {74} Re8
{83} 17. Nd5 {430} Ng8 {87} 18. Be3 {141} f4 {80} 19. Bf2 {7} c6 {48} 20. Nxf6
{42} Ngxf6 {9} 21. Qd2 {416} Rxe6 {87} 22. Rad1 {15} h6 {68} 23. Bf1 {14} Nh7 {
26} 24. c5 {135} Ng5 {15} 25. Bg2 {26} Nf7 {52} 26. Bh3 {457} Ng5 {34} 27. Bg4
{16} fxg3 {46} 28. Be3 {15} gxh2+ {41} 29. Kh1 {20} Re7 {42} 30. Qb2 {51} Rh7 {
67} 31. Rxd6 {126} Qe7 {58} 32. Rxg6 {11} Nf6 {21} 33. Bxg5 {80} hxg5 {5} 34.
Rxg5 {8} Nxg4 {2} 35. Rxg4 {37} Rg8 {6} 36. Rg2 {115} Rxg2 {52} 37. Qxg2 {40}
Qd8 {15} 38. Qg4 {19} Qd2 {
EnjoyTheSilence offers a draw (Lag: Av=0.37s, max=1.1s) 170} 1/2-1/2

[Event "CSS Freestyle 8th"]
[Site "playchess.com"]
[Date "2008.04.13"]
[Round "9"]
[White "Jpsingh"]
[Black "Spidey"]
[Result "1/2-1/2"]
[WhiteElo "1556"]
[BlackElo "1732"]
[PlyCount "60"]
[EventDate "2008.04.11"]

1. d4 {14} Nf6 {16} 2. Bg5 {11} e6 {69} 3. c4 {7} h6 {232} 4. Bxf6 {8} Qxf6 {43
} 5. Nc3 {19} Bb4 {118} 6. e3 {41} c5 {112} 7. Nf3 {14} Nc6 {59} 8. Be2 {104}
O-O {5} 9. O-O {44} Bxc3 {40} 10. bxc3 {7} d6 {35} 11. Nd2 {74} b6 {42} 12. Bf3
{213} Bb7 {9} 13. Rb1 {412} Na5 {98} 14. Bxb7 {168} Nxb7 {4} 15. Qa4 {106} Qe7
{322} 16. Rfd1 {102} d5 {117} 17. cxd5 {109} exd5 {22} 18. c4 {52} cxd4 {69}
19. exd4 {46} Rfd8 {54} 20. Rbc1 {66} Qd7 {185} 21. Qa6 {41} Rdc8 {
Jpsingh offers a draw 81} 22. g3 {111} Rc7 {40} 23. cxd5 {26} Rxc1 {44} 24.
Rxc1 {12} Qxd5 {7} 25. Qc4 {34} Rd8 {401} 26. Qxd5 {115} Rxd5 {10} 27. Rc7 {211
} Nd6 {7} 28. Rxa7 {235} Rxd4 {11} 29. Nf3 {26} Rd5 {19} 30. Ra8+ {46} Kh7 {
Jpsingh offers a draw (Lag: Av=2.89s, max=64.8s) 3} 1/2-1/2

[Event "CSS Freestyle 8th"]
[Site "playchess.com"]
[Date "2008.04.13"]
[Round "9"]
[White "Regina H-Milch"]
[Black "Mapi"]
[Result "1-0"]
[WhiteElo "2458"]
[BlackElo "2498"]
[PlyCount "49"]
[EventDate "2008.04.11"]

1. e4 {55} c5 {34} 2. Nf3 {11} d6 {11} 3. d4 {11} cxd4 {8} 4. Nxd4 {5} Nf6 {9}
5. Nc3 {11} a6 {14} 6. Be3 {51} e6 {67} 7. f3 {187} b5 {12} 8. Qd2 {39} Nbd7 {
132} 9. O-O-O {220} Bb7 {49} 10. a3 {74} Rc8 {68} 11. g4 {85} Nb6 {137} 12. Kb1
{81} Be7 {71} 13. h4 {118} Nfd7 {18} 14. g5 {253} Ne5 {67} 15. Qe1 {121} Nec4 {
36} 16. f4 {95} Qc7 {14} 17. Bxc4 {29} Nxc4 {8} 18. Rd3 {121} O-O {277} 19. h5
{80} Rfd8 {263} 20. g6 {357} Re8 {11} 21. gxf7+ {360} Kxf7 {9} 22. f5 {61} Bf6
{1430} 23. Nxe6 {238} Qa5 {18} 24. Bd4 {203} Bxd4 {129} 25. Rxd4 {
Mapi gibt auf (Lag: Av=0.51s, max=1.5s) 189} 1-0

[Event "CSS Freestyle 8th"]
[Site "playchess.com"]
[Date "2008.04.13"]
[Round "9"]
[White "Bruckmann"]
[Black "Rentner2"]
[Result "1/2-1/2"]
[WhiteElo "2422"]
[BlackElo "2584"]
[PlyCount "72"]
[EventDate "2008.04.11"]

1. e4 {4} e5 {29} 2. Nf3 {24} Nc6 {13} 3. Bb5 {11} f5 {116} 4. Nc3 {34} fxe4 {4
} 5. Nxe4 {13} d5 {4} 6. Nxe5 {9} dxe4 {5} 7. Bxc6+ {14} bxc6 {14} 8. Qh5+ {34}
g6 {3} 9. Nxg6 {15} hxg6 {229} 10. Qxh8 {7} Kf7 {26} 11. Qc3 {32} Ne7 {127} 12.
O-O {12} Bg7 {18} 13. Qb3+ {293} Nd5 {454} 14. d3 {442} exd3 {68} 15. Qxd3 {3}
Qh4 {506} 16. h3 {243} Bf5 {63} 17. Qb3 {649} Re8 {357} 18. c4 {9} Nb6 {491}
19. Bd2 {11} Re2 {96} 20. Bc3 {109} Bf8 {4} 21. Rae1 {136} Bc2 {3} 22. Rxe2 {42
} Bxb3 {2} 23. axb3 {19} Nd7 {1} 24. Re3 {121} Bd6 {237} 25. Rfe1 {13} Kg8 {66}
26. Rf3 {13} Nf8 {92} 27. Re8 {89} c5 {3} 28. g4 {458} g5 {10} 29. Rc8 {24} Qh6
{5} 30. Rf5 {187} Qe6 {9} 31. Rxg5+ {26} Kh7 {3} 32. Rb8 {21} Qe4 {4} 33. Rg7+
{79} Kh6 {3} 34. Rf7 {82} Bf4 {11} 35. Rbxf8 {50} Qb1+ {7} 36. Kg2 {10} Qe4+ {
Bruckmann offers a draw (Lag: Av=0.39s, max=1.1s) 8} 1/2-1/2

[Event "CSS Freestyle 8th"]
[Site "playchess.com"]
[Date "2008.04.13"]
[Round "9"]
[White "Olivier EVAN"]
[Black "HydraAssasin"]
[Result "0-1"]
[WhiteElo "2380"]
[BlackElo "2406"]
[PlyCount "97"]
[EventDate "2008.04.11"]

1. e4 {10} c5 {19} 2. Be2 {3} Nc6 {164} 3. Nf3 {4} Nf6 {10} 4. Nc3 {16} e5 {20}
5. O-O {32} d6 {12} 6. Bc4 {145} Be7 {11} 7. d3 {14} O-O {9} 8. Nd5 {156} Nxd5
{149} 9. Bxd5 {9} Be6 {83} 10. c3 {5} Qd7 {28} 11. Ng5 {9} Bxg5 {102} 12. Bxg5
{5} f6 {146} 13. Bxe6+ {18} Qxe6 {10} 14. Be3 {3} b6 {32} 15. f4 {201} d5 {489}
16. f5 {5} Qd7 {178} 17. Rf3 {6} dxe4 {153} 18. dxe4 {10} Rad8 {63} 19. Qe1 {8}
Rf7 {14} 20. Qh4 {82} Qd3 {48} 21. Bxc5 {7} Qe2 {106} 22. Rf2 {20} Qc4 {68} 23.
Ba3 {226} Rfd7 {242} 24. Qg4 {5} Na5 {161} 25. b3 {148} Qxc3 {39} 26. Rc1 {8}
Qe3 {64} 27. Qe2 {137} Qg5 {61} 28. g3 {7} h5 {31} 29. Kg2 {12} h4 {51} 30. Rc2
{21} Rd1 {HydraAssasin offers a draw 28} 31. Rc8 {564} Rg1+ {56} 32. Kxg1 {5}
Rxc8 {14} 33. Qd3 {11} Kh7 {45} 34. h3 {467} hxg3 {68} 35. Rg2 {8} Nc6 {17} 36.
Qxg3 {14} Nd4 {159} 37. Kf1 {5} Qxg3 {72} 38. Rxg3 {80} Nb5 {31} 39. Bb4 {19}
a5 {261} 40. a4 {161} Nd4 {33} 41. Be7 {95} b5 {39} 42. axb5 {
Olivier EVAN propose la nulle 31} Nxb5 {41} 43. Ke2 {5} Nd4+ {21} 44. Kd2 {8}
Rb8 {54} 45. Rc3 {37} Kh6 {39} 46. Kd3 {22} Rxb3 {30} 47. Rxb3 {17} Nxb3 {16}
48. Bf8 {7} a4 {17} 49. Ba3 {
Olivier EVAN abandonne (Lag: Av=1.61s, max=3.6s) 15} 0-1

[Event "CSS Freestyle 8th"]
[Site "playchess.com"]
[Date "2008.04.13"]
[Round "9"]
[White "Ragged"]
[Black "Talok"]
[Result "1/2-1/2"]
[WhiteElo "2451"]
[BlackElo "2460"]
[PlyCount "77"]
[EventDate "2008.04.11"]

1. e4 {7} c5 {48} 2. Nf3 {5} d6 {180} 3. d4 {6} cxd4 {6} 4. Nxd4 {4} Nf6 {3} 5.
Nc3 {5} a6 {10} 6. Qf3 {25} g6 {465} 7. Be3 {26} Bg7 {31} 8. h3 {24} Bd7 {189}
9. g4 {40} Nc6 {13} 10. O-O-O {29} O-O {79} 11. Be2 {9} Rc8 {7} 12. Kb1 {10} b5
{662} 13. a3 {541} Ne5 {187} 14. Qg2 {27} Rxc3 {81} 15. bxc3 {131} Qa5 {12} 16.
g5 {77} Nh5 {131} 17. Bc1 {145} Nc4 {8} 18. Bg4 {62} Nf4 {40} 19. Qg3 {50} Ne6
{20} 20. Bxe6 {174} fxe6 {12} 21. Rd3 {82} Nxa3+ {108} 22. Bxa3 {50} Qxa3 {4}
23. f4 {203} b4 {126} 24. c4 {70} Qa5 {7} 25. e5 {450} Rc8 {161} 26. Qf3 {60}
Qc7 {37} 27. h4 {104} Rf8 {200} 28. Qh3 {59} Qxc4 {128} 29. h5 {96} Kf7 {21}
30. hxg6+ {315} hxg6 {10} 31. Qf3 {83} Rc8 {164} 32. Rh7 {91} Bc6 {12} 33. Qh3
{30} Be4 {29} 34. f5 {276} Bxd3 {92} 35. Rxg7+ {16} Kxg7 {1} 36. Qh6+ {9} Kg8 {
3} 37. Qxg6+ {11} Kh8 {4} 38. Qh6+ {21} Kg8 {14} 39. Qg6+ {
Ragged offers a draw (Lag: Av=0.77s, max=1.5s) 28} 1/2-1/2

[Event "CSS Freestyle 8th"]
[Site "playchess.com"]
[Date "2008.04.13"]
[Round "9"]
[White "New Man"]
[Black "Fredis_cpu"]
[Result "1-0"]
[WhiteElo "2513"]
[BlackElo "2531"]
[PlyCount "64"]
[EventDate "2008.04.11"]

1. e4 {28} e6 {47} 2. d4 {315} d5 {24} 3. Nc3 {172} Nf6 {42} 4. e5 {98} Nfd7 {
24} 5. f4 {68} c5 {13} 6. Nf3 {31} Nc6 {23} 7. Be3 {29} cxd4 {109} 8. Nxd4 {72}
Bc5 {49} 9. Qd2 {42} O-O {23} 10. O-O-O {123} a6 {24} 11. Qf2 {176} Bxd4 {64}
12. Bxd4 {114} Nxd4 {112} 13. Qxd4 {25} b5 {24} 14. Bd3 {250} Bb7 {68} 15. Ne2
{67} Rc8 {265} 16. Kb1 {132} Nc5 {148} 17. Qe3 {33} Qh4 {163} 18. Nd4 {97} Ne4
{211} 19. g3 {57} Qe7 {278} 20. h4 {127} Qb4 {50} 21. Ka1 {73} Qe7 {205} 22. h5
{72} b4 {12} 23. Kb1 {51} h6 {33} 24. g4 {22} Rfd8 {77} 25. Rdg1 {167} Rc4 {134
} 26. Nb3 {19} Rcc8 {52} 27. g5 {27} hxg5 {13} 28. fxg5 {39} d4 {61} 29. Qf4 {
34} Nc5 {47} 30. Nxc5 {127} Rxc5 {85} 31. Rh2 {83} Rf8 {57} 32. Rf1 {265} Rd8 {
Fredis_cpu gibt auf (Lag: Av=0.45s, max=1.3s) 324} 1-0

[Event "CSS Freestyle 8th"]
[Site "playchess.com"]
[Date "2008.04.13"]
[Round "9"]
[White "Phepi"]
[Black "Alexisco"]
[Result "0-1"]
[WhiteElo "2420"]
[BlackElo "2520"]
[PlyCount "116"]
[EventDate "2008.04.11"]

1. e4 {12} c6 {86} 2. d4 {26} d5 {12} 3. exd5 {73} cxd5 {17} 4. c4 {27} Nf6 {10
} 5. Nc3 {35} e6 {19} 6. Nf3 {38} Bb4 {76} 7. cxd5 {236} Nxd5 {20} 8. Bd2 {69}
Nc6 {27} 9. Bd3 {31} O-O {39} 10. O-O {26} Be7 {7} 11. a3 {172} Bf6 {12} 12.
Qc2 {58} g6 {51} 13. Bh6 {40} Re8 {50} 14. Rad1 {37} Bd7 {13} 15. Be4 {176}
Nce7 {56} 16. Ne5 {24} Bc6 {8} 17. Nxc6 {177} bxc6 {175} 18. Rfe1 {27} Rb8 {63}
19. g4 {131} Nc8 {103} 20. Bc1 {Phepi offers a draw 170} Nd6 {50} 21. Bg2 {18}
Nb5 {118} 22. Re4 {203} Bg7 {31} 23. g5 {29} Rc8 {18} 24. Qd3 {48} Nd6 {103}
25. Rg4 {33} Nf5 {6} 26. Na4 {355} Qc7 {34} 27. Nc5 {24} Red8 {296} 28. Re4 {
170} Qe7 {262} 29. Qc2 {41} Nc7 {158} 30. Nb3 {200} Nb5 {44} 31. Bf4 {167}
Nbxd4 {88} 32. Nxd4 {17} Nxd4 {11} 33. Qc4 {160} Nf5 {85} 34. Rxd8+ {10} Rxd8 {
6} 35. Qc2 {18} c5 {209} 36. Rc4 {85} Bd4 {69} 37. Qe2 {81} e5 {201} 38. Bc1 {8
} e4 {51} 39. Kh1 {12} Re8 {54} 40. b4 {69} e3 {50} 41. fxe3 {98} Nd6 {18} 42.
Rc2 {21} cxb4 {14} 43. axb4 {8} Qxg5 {13} 44. Rc6 {39} Qh4 {49} 45. Rxd6 {55}
Be5 {30} 46. Bc6 {18} Rc8 {16} 47. Rd4 {24} Qf6 {14} 48. Bb7 {45} Rxc1+ {41}
49. Rd1 {6} Rxd1+ {32} 50. Qxd1 {3} Qe7 {170} 51. Qd5 {69} Qxb4 {32} 52. Qxe5 {
20} Qxb7+ {18} 53. Kg1 {50} Qb1+ {81} 54. Kg2 {15} Qa2+ {12} 55. Kf3 {9} h5 {28
} 56. Qb8+ {20} Kh7 {136} 57. Ke4 {62} a5 {37} 58. Qc7 {5} a4 {
Phepi resigns (Lag: Av=0.45s, max=1.5s) 14} 0-1

[Event "CSS Freestyle 8th"]
[Site "playchess.com"]
[Date "2008.04.13"]
[Round "9"]
[White "Wytiko"]
[Black "Jcook140"]
[Result "1-0"]
[WhiteElo "2342"]
[BlackElo "2413"]
[PlyCount "53"]
[EventDate "2008.04.11"]

1. d4 {8} Nc6 {99} 2. d5 {22} Ne5 {364} 3. e4 {196} e6 {86} 4. dxe6 {413} fxe6
{78} 5. Nc3 {242} Bd6 {223} 6. f4 {321} Ng6 {98} 7. g3 {350} Bb4 {407} 8. Bd2 {
228} Nf6 {269} 9. Qe2 {366} b6 {87} 10. Bg2 {15} Bb7 {34} 11. h4 {47} Ne7 {289}
12. O-O-O {27} O-O {166} 13. h5 {61} h6 {81} 14. g4 {498} a5 {192} 15. Nh3 {62}
Ba6 {127} 16. Qf3 {28} Bb7 {144} 17. g5 {215} Bxc3 {310} 18. Bxc3 {5} Nxe4 {21}
19. gxh6 {22} gxh6 {74} 20. Be5 {120} Rb8 {100} 21. Qg4+ {159} Kf7 {178} 22.
Qg7+ {7} Ke8 {4} 23. Qxh6 {10} Ng3 {155} 24. Bxb7 {14} Ngf5 {12} 25. Qg5 {264}
Rg8 {177} 26. h6 {17} Rxg5 {25} 27. Nxg5 {
Jcook140 resigns (Lag: Av=0.44s, max=1.8s) 3} 1-0

[Event "CSS Freestyle 8th"]
[Site "playchess.com"]
[Date "2008.04.13"]
[Round "9"]
[White "ChessPapaRazzi"]
[Black "HAKAN M"]
[Result "0-1"]
[WhiteElo "2369"]
[BlackElo "2354"]
[PlyCount "76"]
[EventDate "2008.04.11"]

1. e4 {90} d5 {5} 2. exd5 {232} Nf6 {3} 3. Nf3 {12} Nxd5 {18} 4. d4 {13} Bg4 {
10} 5. h3 {21} Bxf3 {9} 6. Qxf3 {9} e6 {71} 7. Bd3 {17} Qf6 {88} 8. Qxf6 {122}
Nxf6 {4} 9. Be3 {122} Nc6 {49} 10. c3 {42} Bd6 {128} 11. Nd2 {23} Nd5 {35} 12.
O-O {101} f5 {223} 13. Nf3 {184} Nxe3 {309} 14. fxe3 {196} g6 {5} 15. Rad1 {125
} O-O {183} 16. e4 {112} Bf4 {126} 17. Rde1 {84} Bg3 {38} 18. Re2 {115} Rae8 {
408} 19. Bb5 {790} a6 {5} 20. Bxc6 {32} bxc6 {3} 21. Nd2 {98} Bd6 {237} 22. e5
{129} Be7 {29} 23. Nb3 {64} Rb8 {172} 24. Na5 {27} Rb6 {34} 25. c4 {96} c5 {6}
26. d5 {82} h5 {11} 27. Nc6 {147} Bg5 {126} 28. Rf3 {297} Kg7 {131} 29. Kf2 {87
} Ra8 {170} 30. Ra3 {14} Bc1 {ChessPapaRazzi reconnected. 38} 31. Ra5 {18} Bxb2
{46} 32. Rxc5 {7} Kf7 {46} 33. Kf3 {176} Ba3 {44} 34. Ra5 {17} Be7 {2} 35. Rc2
{36} Rb1 {69} 36. Nxe7 {24} Kxe7 {12} 37. Rc5 {18} Ra7 {68} 38. Rc6 {18} Rb6 {
HAKAN M claims flag (automatic). 34} 0-1

[Event "CSS Freestyle 8th"]
[Site "playchess.com"]
[Date "2008.04.13"]
[Round "9"]
[White "Odirovski"]
[Black "Ozymandias"]
[Result "1/2-1/2"]
[WhiteElo "2377"]
[BlackElo "2368"]
[PlyCount "102"]
[EventDate "2008.04.11"]

1. d4 {16} d5 {15} 2. c4 {10} c6 {12} 3. Nf3 {28} Nf6 {17} 4. Nc3 {3} e6 {16}
5. Bg5 {16} h6 {15} 6. Bxf6 {7} Qxf6 {5} 7. e3 {2} Nd7 {16} 8. Bd3 {4} dxc4 {91
} 9. Bxc4 {0} g6 {39} 10. O-O {46} Bg7 {67} 11. Ne4 {1936} Qe7 {52} 12. Qc2 {3}
O-O {465} 13. Bb3 {12} e5 {3} 14. Rfe1 {53} Kh7 {364} 15. Nc3 {19} Re8 {108}
16. d5 {559} Nc5 {181} 17. e4 {3} Bg4 {168} 18. Qe2 {111} Qf6 {169} 19. Bd1 {4}
Bxf3 {86} 20. Qxf3 {0} Qxf3 {1} 21. Bxf3 {2} cxd5 {1} 22. Nxd5 {13} Rac8 {48}
23. Bg4 {197} Rcd8 {52} 24. Bf3 {173} Nd3 {191} 25. Re3 {83} Nf4 {2} 26. Rd1 {8
} Rd6 {Odirovski offers a draw 68} 27. Nxf4 {332} Rxd1+ {26} 28. Bxd1 {0} exf4
{20} 29. Re2 {9} Rc8 {211} 30. Kf1 {9} Rc1 {224} 31. Rd2 {3} Rb1 {1} 32. b3 {
206} g5 {42} 33. Ke2 {55} Bc3 {88} 34. Rc2 {3} Ba5 {8} 35. Rc8 {133} Kg7 {46}
36. f3 {3} Bb6 {66} 37. a3 {40} h5 {53} 38. h3 {5} Kf6 {79} 39. b4 {7} Be3 {62}
40. Rc7 {30} b5 {51} 41. Bc2 {11} Rg1 {40} 42. Bb3 {Odirovski offers a draw 6}
Rxg2+ {' 367} 43. Kd3 {2} Rd2+ {4} 44. Kc3 {2} Rf2 {7} 45. Rxf7+ {5} Kg6 {1}
46. e5 {6} Bd2+ {2} 47. Kd4 {25} Rxf3 {2} 48. Rf6+ {9} Kg7 {1} 49. Rf7+ {3} Kg6
{1} 50. Rf6+ {2} Kg7 {1} 51. Rf7+ {1} Kg6 {(Lag: Av=0.30s, max=1.2s) 1} 1/2-1/2